000 00498nam a22001697a 4500
005 20231030114235.0
008 231030b |||||||| |||| 00| 0 eng d
041 _aEnglish
082 _a347.7 AML
100 _aCohen, D
_lEnglish
245 _aAmler's Precendents of Pleadings /
_cD Cohen
250 _aSecond Edition
260 _aDurban :
_bButterworth & Co. Ltd,
_c1967
300 _bxxxi, 344 pages ;
_c25,5 cm.
650 _alegal practice
_bLaw
942 _cBK
_6ALISON_BN_VRIES
999 _c141
_d141